| 000 | 01013nam a22002655a 4500 | ||
|---|---|---|---|
| 003 | OSt | ||
| 005 | 20170122134550.0 | ||
| 008 | 170122s1985 ua frb 000 0 ara d | ||
| 015 | _a3744 / 1985 | ||
| 020 | _a9770401625 | ||
| 040 |
_aEG-ScBUE _bara _cEG-ScBUE |
||
| 043 | _af------ | ||
| 082 | 0 | 4 |
_a327.096 _bر أ ف _222 |
| 100 | 1 | _aرأفت، إجلال محمود. | |
| 245 | 1 | 2 |
_aالقرن الإفريقي : _bالمتغيرات الداخلية والصراعات الدولية / _cإجلال محمود رأفت، إبراهيم أحمد نصر الدين. |
| 260 |
_aالقاهرة : _bدار النهضة العربية، _c1985. |
||
| 300 |
_a162 ص. ؛ _c24 سم. |
||
| 504 | _aيشتمل على إرجاعات ببليوجرافية. | ||
| 650 | _2BUEsh | ||
| 651 | 7 |
_aإفريقيا _xعلاقات خارجية _2BUEsh |
|
| 651 | 7 |
_aإفريقيا _xأحوال سياسية. _2BUEsh |
|
| 653 |
_bLLAAWW _cJanuary2017 |
||
| 700 | 1 | _aنصر الدين، إبراهيم أحمد. | |
| 942 | _2ddc | ||
| 999 |
_c23995 _d23967 |
||